Bases para una planificación sanitaria : discurso leído por... D. Emilio Zapatero Villalonga..., y contestación del... Dr. D. Emilio Zapatero Ballesteros. (Record no. 130493)

MARC details
000 -LEADER
campo de control de longitud fija 00812nam a2200193 i 4500
001 - NÚMERO DE CONTROL
campo de control 130493
003 - IDENTIFICADOR DE NÚMERO DE CONTROL
campo de control ES-MaACL
007 - CAMPO FIJO DE DESCRIPCIÓN FÍSICA--INFORMACIÓN GENERAL
campo de control de longitud fija t|
008 - DATOS DE LONGITUD FIJA--INFORMACIÓN GENERAL
campo de control de longitud fija 070730s1971 sp ||||1| spa d
100 1# - ENTRADA PRINCIPAL--NOMBRE DE PERSONA
Nombre de persona Zapatero Villalonga, Emilio.
9 (RLIN) 118016
245 10 - MENCIÓN DEL TÍTULO
Título Bases para una planificación sanitaria : discurso leído por... D. Emilio Zapatero Villalonga..., y contestación del... Dr. D. Emilio Zapatero Ballesteros.
260 ## - PUBLICACIÓN, DISTRIBUCIÓN, ETC.
Lugar de publicación, distribución, etc. [Valladolid :
Nombre del editor, distribuidor, etc. s.n.,
Fecha de publicación, distribución, etc. 1975] (
Fabricante Sever-Cuesta)
300 ## - DESCRIPCIÓN FÍSICA
Extensión 170 p. ;
Dimensiones 24 cm +
Material acompañante/anejo 3 cuad. pleg.
500 ## - NOTA GENERAL
Nota general Precede al tít.: Real Academia de Medicina y Cirugía de Valladolid.
650 14 - PUNTO DE ACCESO ADICIONAL DE MATERIA--TÉRMINO DE MATERIA
Término de materia o nombre geográfico como elemento de entrada Salud pública-
Subdivisión geográfica España.
9 (RLIN) 16974
700 1# - ENTRADA AGREGADA--NOMBRE PERSONAL
Nombre de persona Zapatero Ballesteros, Emilio.
9 (RLIN) 118010
710 2# - ENTRADA AGREGADA--NOMBRE DE ENTIDAD CORPORATIVA
Nombre de entidad corporativa o nombre de jurisdicción como elemento de entrada Real Academia de Medicina y Cirugía de Valladolid.
9 (RLIN) 6330
852 ## - LOCALIZACIÓN
Ubicación ES-MaACL
Número de control de estantería E-8120
Sublocalización o colección R.92544
Holdings
Estatus retirado Estado de pérdida Estado de daño No para préstamo Biblioteca de origen Biblioteca actual Ubicación en estantería Fecha de adquisición Fuente de adquisición Total de préstamos Signatura topográfica completa Código de barras Visto por última vez Precio de reemplazo Tipo de ítem Koha
        Biblioteca del Ateneo de Madrid Biblioteca del Ateneo de Madrid Depósito 2 17/01/2008     E-8120 1135870 23/02/2023 23/02/2023 Libro impreso